000 01297njm a22002657a 4500
005 20100907133445.0
007 sd ammalaaahaa
008 100907t xxu||||| |||| 00| 0 hin d
028 _aN. 53807
_bHis Master Voice
035 _aGR-00967
040 _aSED/VEN
100 _aMangeshkar, Lata
_91184
245 _aSanjog :
_bHindustani /
_cby Lata Mangeshkar ; music by Madan Mohan ; lyric by Rajinder Krishen
_h[sound recording] :
246 _aसंजोग (लता मंगेशकर)
260 _aDum Dum India
_bHis Master Voice
300 _a1 sound disc [Gramophone record] :
_banalog, 33 1/3 rpm
_c10 in.
_fGramophone Record
500 _aBrief Record
505 _aBadli se nikla hai chand part 1 (Sanjog) (Lata Mangeshkar) बदली से निकला है चाँद पार्ट १ (संजोग ) (लता मंगेशकर ) Do ghunt maine pee part 2(Sanjog) (Mohd. Rafi) दो घूंट मैंने पी पार्ट २ (संजोग ) (मोहमद रफ़ी )
650 _aClassical Music
_xExcerpts
_zIndia
_918740
700 _aMadan Mohan
_918741
700 _aRajinder Krishen
_918742
700 _918749
942 _2ddc
_cBN
999 _c44299
_d44299